000 00415nam a2200193Ia 4500
001 13708
003 GE_BSU
008 181216s||||||||xx |||||||||||||| ||und||
040 _cGE_BSU
080 _a821.111-3
100 _aCarlson,Betty
245 2 _aA singing Heart
260 _aLondon
260 _bHodder and Stoughton
260 _c1972
300 _a158p.18cm.
653 _aA singing Heart
942 _cBK
999 _c46856
_d46856